000
00455nam a2200145Ia 4500
008
100204s9999 xx 000 0 und d
082
_b
11381
100
_a
दिनानाथ मनोहर
245
_a
आंदोलन
260
_b
"ग्रंथाली वाचक चळवळ , मुंबई - कुर्ला"
_c
1988
300
_a
196
630
_a
आंदोलन
730
_a
आंदोलन
942
_c
BOOK
999
_c
455817
_d
455814